Kakegurui : Compulsive Gambler /
Saved in:
| Main Author: | |
|---|---|
| Other Authors: | , |
| Format: | Book |
| Language: | English Japanese |
| Published: |
New York :
Yen Press,
2017-
|
| Edition: | First Yen Press print edition. |
| Subjects: | |
| Tags: |
Add Tag
No Tags, Be the first to tag this record!
|
| LEADER | 02485cam a2200625Ii 4500 | ||
|---|---|---|---|
| 001 | 13017555 | ||
| 005 | 20180219161742.0 | ||
| 008 | 171121m20179999nyua 6 000 1 eng d | ||
| 020 | |a 9780316562898 |q (volume 1 ; |q paperback) | ||
| 020 | |a 0316562890 |q (volume 1 ; |q paperback) | ||
| 020 | |a 9780316562980 |q (volume 2 ; |q paperback) | ||
| 020 | |a 031656298X |q (volume 2 ; |q paperback) | ||
| 020 | |a 9780316412803 |q (volume 3 ; |q paperback) | ||
| 020 | |a 0316412805 |q (volume 3 ; |q paperback) | ||
| 035 | |a (OCoLC)on1012487613 | ||
| 035 | |a (OCoLC)1012487613 | ||
| 035 | |a (NNC)13017555 | ||
| 040 | |a IFK |b eng |c IFK |e rda |d IFK | ||
| 041 | 1 | |a eng |h jpn | |
| 043 | |a a-ja--- | ||
| 050 | 1 | 4 | |a PN6790.J33 |b K387413 |
| 082 | 0 | 4 | |a 741.5/952 |2 23 |
| 100 | 1 | |a Kawamoto, Homura, |e author. | |
| 240 | 1 | 0 | |a Kakegurui. |l English |
| 245 | 1 | 0 | |a Kakegurui : |b Compulsive Gambler / |c story: Homura Kawamoto ; art: Toru Naomura ; translation: Matthew Alberts ; lettereing, AndWorld Design, Anthony Quintessenza. |
| 246 | 3 | 0 | |a Compulsive gambler |
| 250 | |a First Yen Press print edition. | ||
| 264 | 1 | |a New York : |b Yen Press, |c 2017- | |
| 300 | |a volumes : |b chiefly illustrations (some color) ; |c 21 cm | ||
| 336 | |a text |b txt |2 rdacontent | ||
| 336 | |a still image |b sti |2 rdacontent | ||
| 337 | |a unmediated |b n |2 rdamedia | ||
| 338 | |a volume |b nc |2 rdacarrier | ||
| 500 | |a First published in Japan in 2014 by Square Enix Co. Ltd. | ||
| 500 | |a Reads from right to left. | ||
| 521 | 8 | |a Rated OT for older teens. | |
| 546 | |a Translated from Japanese. | ||
| 650 | 0 | |a Compulsive gamblers |v Comic books, strips, etc. | |
| 650 | 0 | |a Private schools |v Comic books, strips, etc. | |
| 650 | 0 | |a Teenage girls |v Comic books, strips, etc. | |
| 650 | 0 | |a High school girls |v Comic books, strips, etc. | |
| 650 | 7 | |a Compulsive gamblers. |2 fast |0 (OCoLC)fst00871965 | |
| 650 | 7 | |a Private schools. |2 fast |0 (OCoLC)fst01077564 | |
| 650 | 7 | |a Teenage girls. |2 fast |0 (OCoLC)fst01145412 | |
| 650 | 7 | |a High school girls. |2 fast |0 (OCoLC)fst01749019 | |
| 655 | 7 | |a Comics (Graphic works) |2 lcgft | |
| 655 | 7 | |a Graphic novels. |2 lcgft | |
| 655 | 7 | |a Comic books, strips, etc. |2 fast |0 (OCoLC)fst01423722 | |
| 655 | 7 | |a Comics (Graphic works) |2 fast |0 (OCoLC)fst01921613 | |
| 655 | 7 | |a Graphic novels. |2 fast |0 (OCoLC)fst01726630 | |
| 700 | 1 | |a Naomura, Toru, |e artist. | |
| 700 | 1 | |a Alberts, Matthew, |e translator. | |
| 700 | 1 | |a Quintessenza, Anthony, |e letterer. | |
| 852 | 0 | 1 | |b glx |h PN6790.J33 |i K393513 2017g |
| 866 | 4 | 1 | |8 0 |a 1-3 |


